International social attitudes : the 10th BSA report
Αποθηκεύτηκε σε:
| Μορφή: | Βιβλίο |
|---|---|
| Γλώσσα: | English |
| Δημοσίευση: |
Aldershot, Hants., England : Brookfield, Vt. :
Dartmouth Publishing Co.,
c1993
|
| Θέματα: | |
| Ετικέτες: |
Προσθήκη ετικέτας
Δεν υπάρχουν, Καταχωρήστε ετικέτα πρώτοι!
|
MARC
| LEADER | 00000nam a2200000 i 4500 | ||
|---|---|---|---|
| 001 | 1/100307 | ||
| 008 | 000201s1993 eng d | ||
| 020 | |a 1855214806 (pbk.) | ||
| 035 | |l 10057227 | ||
| 040 | |a GR-MY-UA |b gre |e aacr | ||
| 041 | 0 | |a eng | |
| 082 | 0 | |a 303.380941 | |
| 245 | 1 | 0 | |a International social attitudes : |b the 10th BSA report / |c edited by Roger Jowell ... [et al.] |
| 260 | |a Aldershot, Hants., England : |a Brookfield, Vt. : |b Dartmouth Publishing Co., |c c1993 | ||
| 300 | |a xiv, 214 p.; |c tables | ||
| 650 | 0 | 0 | |a Social surveys. |
| 650 | 0 | 0 | |a Public opinion. |
| 852 | |a INST |b LESVOS |e 20000201 |h 303.380941 INT |p 005100021320 |q 005100021320 |t BK |y 0 | ||
| 901 | |a BIBL1-2000-2 | ||
| 909 | |a Λ |b 066726 | ||
| 922 | |a 1ΕΛΗ |b 199907 |c ΚΠΣ/ΤΚ |d ΠΑΠΑΣΩΤΗΡΙΟΥ | ||
| 950 | |a 103-1998-07-27 | ||
| 970 | |z 2000/07/ΔΕΜΕΝΑΓΑΣ | ||